|
|
|
|
| LEADER |
00000nam a22000007a 4500 |
| 005 |
20191005002049.0 |
| 007 |
cr|||| |||| |
| 008 |
191005s2019 fr |||||s|||| 00||0 fra d |
| 020 |
|
|
|a 9786138486107
|
| 035 |
|
|
|a 29348
|
| 040 |
|
|
|a vLex
|
| 090 |
|
|
|c 9728
|d 9728
|
| 100 |
1 |
|
|a Nientao, Mamadou
|
| 245 |
1 |
2 |
|a Le rǧime juridique et institutionnel du fleuve Niger d'hier ̉nos jours
|h [Recurso electrn̤ico] /
|c Mamadou Nientao
|
| 256 |
|
|
|a Servicio en ln̕ea
|
| 260 |
|
|
|a Pars̕:
|b Éditions Universitaires Europěnes,
|c 2019
|
| 300 |
|
|
|a 1 recurso electrn̤ico
|
| 500 |
|
|
|a Cet ouvrage aborde une question d’intřt̊ vital pour l’Afrique occidentale : la gestion d’un cours d’eau international La premir̈e partie rv̌l̈e le contraste des diffřents rǧimes qu’a connus le Bassin du Niger. Le rǧime de lege ferenda du Bassin du Niger, pour lequel la survivance de l’ancien rǧime de Berlin (1885) et de Saint-Germain-en-Laye (1919) parat̋ douteuse, s’aligne sur le modl̈e de gestion des fleuves comme le Congo et le Sňǧal. Le nouveau rǧime est domin ̌par une Charte de l’eau, adopt ̌le 30 avril 2008, elle dťermine relativement des droits et les devoirs des neuf Etats sur l’utilisation raisonnable et q̌uitable du Bassin. A ce jour, ce trait ̌international a quatre annexes qui s’ajoutent ̉celle-ci pour former le corpus iuris de gestion du fleuve Niger. Pour garantir cette gestion intǧrě ds̈ 1964 une organisation internationale ̉la forme organe de Bassin est crě̌ (Commission du Bassin du Niger), en 1980 elle devient l’Autorit ̌du Bassin du Niger, chargě de la promotion d’un cadre coopřatif entre les Etats concernš. En vue de renforcer ce cadre institutionnel, chaque Etat s’efforce ̉mettre en place des structures nationales de gestion du fleuve.
|
| 506 |
1 |
|
|a Disponible solo en los productos indicados
|d vLex Global
|d vLex Global (Academic Edition, excluding Law Schools)
|d vLex Global (U.S. Academic Edition, Law Schools)
|d vLex Global (U.S. Academic Edition, excluding Law Schools)
|d vLex Global (Academic Edition, Law Schools)
|
| 650 |
0 |
4 |
|a Derecho Internacional
|z Francia
|
| 740 |
0 |
|
|a vLex Libros (Servicio en ln̕ea)
|
| 856 |
4 |
0 |
|u http://vlex.com/source/29348
|z Acceso restringido
|
| 942 |
|
|
|c BOOK
|
| 999 |
0 |
|
|a International right
|